[Event "EU-Cup 35th"]
[Site "Budva"]
[Date "2019.11.14"]
[Round "5.3"]
[White "Paravyan, David"]
[Black "Banusz, Tamas"]
[Result "1-0"]
[WhiteElo "2628"]
[BlackElo "2620"]
[Annotator "Ftacnik,L"]
[PlyCount "83"]
[EventDate "2019.11.10"]
[EventType "team-swiss"]
[EventRounds "7"]
[EventCountry "MNE"]
[SourceTitle "CBM 193 Extra"]
[Source "ChessBase"]
[SourceDate "2020.01.31"]
[SourceVersion "1"]
[SourceVersionDate "2020.01.31"]
[SourceQuality "1"]
[WhiteTeam "Molodezka"]
[BlackTeam "Koge"]
[WhiteTeamCountry "RUS"]
[BlackTeamCountry "DEN"]

1. d4 d5 2. c4 c6 3. Nf3 Nf6 4. Nc3 dxc4 5. e4 b5 6. Be2 e6 7. O-O Nbd7 {
Solving the problem of proper piece development is not easy in any game.
Should we move the bishops or knights first, is it prudent to try for maximum 
(full development) before moving the king to safety, etc. The knight move
enables White to lash out at his less developed opponent.} (7... Be7 8. a4 b4
9. e5 Nd5 (9... bxc3 10. exf6 Bxf6 11. bxc3 Ba6 (11... O-O 12. Bxc4 Ba6 13.
Bxa6 Nxa6 14. Qe2 Nc7 15. Rd1 Nd5 16. Bd2 Qc7 17. c4 Ne7 18. Qe4 c5 19. Bg5 {
1/2-1/2 (33) Salem,A (2660)-Bilguun,S (2497) St Petersburg 2018} Bxd4 20. Nxd4
cxd4 21. Bf4 Qc6 $11) 12. Ne5 Bxe5 13. dxe5 Qxd1 14. Rxd1 Nd7 15. f4 Nb6 16.
Rd6 O-O 17. Bf3 Nc8 18. Rxc6 Bb7 19. Rxc8 Raxc8 20. Bxb7 $18 {1-0 (27) Adhiban,
B (2650)-Rapport,R (2715) Reykjavik 2018}) 10. Ne4 Ba6 11. Bd2 Qa5 12. Rc1 Nd7
13. Bxc4 Bxc4 14. Rxc4 N7b6 15. Rxc6 Qxa4 16. Rc2 O-O 17. Bg5 Rfc8 18. b3 Qd7
19. Bxe7 Qxe7 $11 {1/2-1/2 (39) Salem,A (2672)-Shankland,S (2725) chess.com
INT 2019}) (7... Bb7 8. Rb1 (8. Qc2 a6 9. b3 cxb3 10. Qxb3 Nbd7 11. e5 Nd5 12.
Ne4 c5 13. Nfg5 cxd4 14. Qh3 Nxe5 15. Nxe6 Qd7 16. Nxd4 Qxh3 17. gxh3 Be7 18.
Nf5 O-O $17 {1-0 (63) Wei,Y (2736)-Van Foreest,J (2601) chess.com INT 2019}) (
8. b3 Bb4 (8... b4 9. e5 Nd5 10. Nxd5 cxd5 11. bxc4 dxc4 12. Bxc4 Be7 13. a3 a5
14. axb4 axb4 15. Bb5+ Nd7 16. Rxa8 Qxa8 17. Bd2 Bc6 18. Bxc6 Qxc6 19. Qc1 Qb7
$15 {1/2-1/2 (26) Flores,D (2601)-Gustafsson,J (2643) Bangkog 2018}) 9. e5 Bxc3
10. exf6 gxf6 11. Rb1 c5 12. bxc4 cxd4 13. Rxb5 Bc6 14. Rc5 Be4 15. Bd3 Bxd3
16. Qxd3 Na6 17. Rb5 Qd6 18. Nh4 Qc6 19. Ba3 Rc8 20. Qg3 Qxc4 21. Qd6 Bb4 22.
Bxb4 $18 {1-0 (22) Dubov,D (2701)-Postny,E (2579) Batumi 2018}) (8. e5 Nd5 9.
a4 a6 10. Ne4 h6 11. Bd2 Nd7 12. b3 cxb3 13. Qxb3 Be7 14. Ne1 Kf8 15. Nd3 g6
16. Ndc5 Qc7 17. Rfc1 Kg7 18. Qg3 Bxc5 19. Rxc5 Nxc5 20. dxc5 $15 {1-0 (46)
Salem,A (2676)-Aravindh,C (2533) Dubai 2019}) 8... Nbd7 9. b3 Bb4 10. Qc2 O-O
11. e5 Bxc3 12. exf6 b4 13. fxg7 Kxg7 14. bxc4 c5 15. d5 exd5 16. Qf5 h6 17.
Bd3 Rh8 18. cxd5 Nf6 $11 {1/2-1/2 (66) Dubov,D (2700)-Inarkiev,E (2693) Moscow
2019}) 8. d5 $5 exd5 (8... Nc5 9. dxc6 Qb6 10. e5 Nfe4 11. Nd4 (11. Nxe4 Nxe4
12. a4 $1 $16) 11... Nxc3 12. bxc3 Na4 13. Qc2 (13. Bd2 $16) 13... Bc5 14. Be3
Ba6 15. Rad1 O-O 16. Bf3 Rad8 17. Bg5 Rc8 18. Ne2 Rxc6 19. Bxc6 Qxc6 $15 {
0-1 (71) Malassagne,I (2064)-Hapala,E (2119) Le Castella 2018}) 9. exd5 cxd5 {
Black needs to be careful about his decisions as his underdevelopment makes
him vulnerable in many lines.} (9... Nxd5 $2 10. Nxd5 cxd5 11. Qxd5 Nb6 (11...
Rb8 12. Ng5 Qe7 13. Bh5 g6 14. Bf4 $18) 12. Qxb5+ Bd7 13. Qe5+ $16) 10. Re1 Be7
11. Nxd5 Nxd5 (11... O-O 12. Nxe7+ Qxe7 13. Bxc4 Qb4 14. Bf1 $16) 12. Qxd5 Nb6
{Banusz must have played this move with a heavy heart. Deciding the fine line
between the acceptable defence of weaknesses (at the cost of time) and active
damage limitation is not an enviable task.} (12... Rb8 13. a4 $1 (13. Bf4 Rb6
14. a4 Bb7 15. Qd2 O-O 16. axb5 a6 17. Rad1 $16) 13... Bb7 14. Qf5 g6 15. Qh3
O-O 16. Bf4 $16) 13. Qxb5+ (13. Qxd8+ $5 Kxd8 14. Ne5 Be6 15. Bf3 Rc8 16. Be3
$16) 13... Bd7 14. Qa5 O-O 15. Ne5 Rc8 (15... Be6 16. Nc6 Qc7 17. Nxe7+ Qxe7
18. Bd2 $16) 16. Be3 Qc7 {Black is bound to suffer in nearly each line, but
the question was where his survival chances were the best. The computer, not
burdened with prejudices, suggests 16...Bd6!? to exchange the bishop for the
mighty knight as the best solution.} (16... Bd6 $5 17. Red1 Bxe5 18. Qxe5 Re8
19. Qa5 $14) 17. Nxd7 Qxd7 18. Rad1 Qc7 19. Bf3 (19. Bd4 $1 Bc5 20. Bc3 $16)
19... Bf6 20. g3 $1 (20. Qa3 Rfe8 21. g3 Nd7 22. Qa4 Ne5 23. Bd5 $14) 20...
Bxb2 $2 {The desire to end the direct positional suffering was too strong for
black, so he did not find the patience to judge the resilient 20..Rce8! as
much more hopeful.} (20... Rce8 $1 21. Bf4 Rxe1+ 22. Rxe1 $14) 21. Bf4 Qc5 22.
Qxc5 Rxc5 23. Bd6 Rcc8 24. Bxf8 {[%mdl 1024] It would be unjust to dismiss the
rest of the game as a purely technical task. Unfortunately for Black, the
enemy pieces are displaying maximal activity, so his pawn for the exchange
will not cut too much ice as compensation.} (24. Bb7 $5 Rce8 25. Bxf8 Kxf8 26.
Rxe8+ Kxe8 27. Kf1 $16) 24... Kxf8 25. Bg4 Rb8 (25... Re8 26. Rxe8+ Kxe8 27.
Rd6 g6 28. Rc6 $16) 26. Rd6 g6 27. Rc6 c3 28. Bd1 $1 {The firm defence of the
c2 square is imperative for White, but his pieces can actively play at the
same time.} Rb7 (28... Rc8 29. Rxc8+ Nxc8 30. Kf1 $16) 29. Bb3 Kg7 30. Kf1 Kf8
{The Hungarian GM was quite shaken by the developments, so he never really
tried to complicate White's task with real counterplay.} (30... a5 $5 31. Re4
f5 32. Re8 $16) 31. g4 h6 32. h4 Kg7 33. h5 $1 {The pawn shield in front of
Black's king is more vulnerable than he would like to believe.} g5 (33... gxh5
34. gxh5 Nd7 35. Re7 Nc5 36. Rxb7 Nxb7 37. Rc7 Nd6 38. Rxa7 $18) 34. f3 Rd7 35.
Rd1 Rb7 (35... Rxd1+ 36. Bxd1 Nd5 37. Bb3 Nb4 38. Rc7 c2 39. Bxc2 Be5 40. Rc4
Nxa2 41. Ra4 Nc3 42. Rxa7 Nd5 43. Bb3 $18) 36. f4 $1 {Paravayn seizes the
chance to combine the attack on light and dark squares, and that spells the
end of the dreams of some positional barrier.} f6 (36... gxf4 37. g5 $1 hxg5
38. h6+ Kf8 39. Rd8+ Ke7 40. h7 c2 41. Rxc2 $18) 37. fxg5 hxg5 (37... fxg5 38.
Rg6+ Kh7 39. Rd8 Rc7 40. Bc2 $18) 38. Be6 {White isn't running out of ideas to
improve his pieces. His method of converting the advantage was exemplary.} (38.
Rd8 Re7 39. a4 $18) 38... Re7 39. Bf5 Na8 40. Rdd6 Nc7 (40... c2 41. Rxc2 Be5
42. Rd8 Nc7 43. Rc6 $18) 41. Rxf6 Nd5 42. h6+ 1-0

[Event "Nikolaev zt"]
[Site "Nikolaev"]
[Date "1995.??.??"]
[Round "9"]
[White "Brodsky, Michail"]
[Black "Koutsin, Sergey"]
[Result "1-0"]
[WhiteElo "2535"]
[BlackElo "2435"]
[Annotator "Ftacnik,L"]
[PlyCount "73"]
[EventDate "1995.03.??"]
[EventType "swiss"]
[EventRounds "11"]
[EventCountry "UKR"]
[SourceTitle "CBM 047"]
[Source "ChessBase"]
[SourceDate "1995.08.01"]
[SourceVersion "1"]
[SourceVersionDate "1995.08.01"]
[SourceQuality "1"]

1. c4 {Huebner} Nf6 2. Nf3 c6 3. Nc3 d5 4. d4 a6 5. a4 e6 6. g3 dxc4 7. Bg2 c5
8. dxc5 Qxd1+ 9. Nxd1 Bxc5 (9... Nc6 10. Ne3 (10. Bd2 Bxc5 11. Rc1 Bd7 12. Rxc4
{Forster,R-Wirthensohn,H/SWZ-ch (03)/1994/0.5 (12)}) 10... Bxc5 11. Nxc4 Ke7
12. O-O Nd5 $1 13. Nfe5 $5 Nd4 $1 14. Be3 $1 Nxe3 15. fxe3 Nf5 16. b4 $1 Ba7
17. Rad1 $1 f6 $1 18. Bxb7 Bxb7 19. Rd7+ Ke8 20. Rxb7 fxe5 21. g4 Nxe3 $8 22.
Nd6+ {Bareev,E-Shirov,A/Groningen/1993/0.5 (22)}) 10. Be3 (10. Ne5 O-O 11. O-O
Nd5 12. Ne3 Nxe3 13. Bxe3 Bxe3 14. fxe3 Nd7 15. Nxc4 Rb8 16. Rfd1 Nf6 17. Nb6
e5 18. Rac1 Bg4 19. Kf2 Bf5 20. h3 h5 21. Ke1 Rfe8 22. Rc7 e4 23. a5 Re5 24. b4
{Zoler,D-Rotman,D/ISR-ch Tel Aviv/1994/1-0 (41)}) 10... Bb4+ 11. Bd2 Nc6 (11...
Bxd2+ 12. Nxd2 $16) 12. Ne3 c3 13. bxc3 Bc5 14. Nc4 Ne4 15. O-O Ke7 (15... Nxd2
16. Nfxd2 Ke7 17. Ne4 Ba7 18. Rfd1 $14) 16. Rab1 Rd8 17. Be1 f6 (17... Rb8 18.
Nfe5 Nxe5 19. Nxe5 Bd6 20. Nxf7 Nxc3 21. Bxc3 Kxf7 22. Rfd1 $16) (17... Nd6 {
Huebner} 18. Nxd6 (18. Nfe5 Nxe5 19. Nxe5 Bd7 $17) 18... Bxd6 (18... Rxd6 19.
Ng5 $13) 19. Nd4 Na5 20. c4 Nxc4 21. Bxb7 Bxb7 22. Rxb7+ Rd7 $10) 18. Nd4 Nxd4
(18... f5 19. Nxc6+ bxc6 20. Bxe4 fxe4 21. Bd2 $16) 19. Bxe4 Nf5 (19... Nxe2+
$2 {Huebner} 20. Kg2 {und der schwarze Springer wird gefangen.}) (19... Nc6 {
Huebner} 20. Bxh7 f5 21. Bg6 $16) 20. Bxb7 Rb8 (20... Bxb7 21. Rxb7+ Kf8 22. e4
Nd6 23. Nxd6 Rxd6 24. Kg2 $16) 21. Na5 Bd7 (21... Bxb7 22. Rxb7+ Kf8 23. Kg2
$16) 22. Ra1 Bb6 (22... Kd6 $6 23. e4 Ne7 24. Bxa6 $18) (22... Nd6 {Huebner}
23. Bxa6 Ra8 24. Nb3 Bxf2+ 25. Bxf2 Rxa6 26. Nc5 $16) 23. Nc6+ Bxc6 24. Bxc6
Nd6 25. Bd2 Nc4 26. Bf4 e5 27. Bc1 Ba5 28. Be4 $1 g6 (28... Bxc3 29. Ra2 g6 (
29... Nd2 {Huebner} 30. Bxd2 Rxd2 31. Rxd2 Bxd2 32. Rd1 (32. Bxh7 Rc8 $10)
32... Rb2 33. Bxh7 $14) 30. Rc2 Rb3 31. Bd3 $16) (28... Nd2 {Huebner} 29. Bxd2
Rxd2 30. Bd3 $16) 29. Bd3 Rdc8 30. Bh6 Bxc3 31. Rab1 $1 (31. Rac1 Rb3 $13)
31... Na3 (31... Bb2 32. Bc1 Bxc1 33. Rbxc1 Rb4 34. Rc3 $16) (31... Rxb1 32.
Rxb1 Rc7 33. Rb8 $16) 32. Rxb8 Rxb8 33. Rc1 Ba5 (33... Bb4 34. Rc7+ Ke6 35.
Rxh7 $18) 34. Rc6 Bb4 35. Bg7 (35. Rc7+ $5) 35... Bd6 36. Bxf6+ Ke6 (36... Kxf6
37. Rxd6+ Ke7 38. Rxa6 $18) 37. Rxa6 (37. Rxa6 Rb4 38. Bg7 $18) 1-0

[Event "Hoogovens op"]
[Site "Wijk aan Zee"]
[Date "1995.01.??"]
[Round "1"]
[White "Van Wely, Loek"]
[Black "Tregubov, Pavel V"]
[Result "1-0"]
[WhiteElo "2575"]
[BlackElo "2515"]
[Annotator "Ftacnik,L"]
[PlyCount "78"]
[EventDate "1995.01.??"]
[EventType "swiss"]
[EventRounds "12"]
[EventCountry "NED"]
[SourceTitle "CBM 046"]
[Source "ChessBase"]
[SourceDate "1995.06.01"]
[SourceVersion "1"]
[SourceVersionDate "1995.06.01"]
[SourceQuality "1"]

1. d4 d5 2. c4 c6 3. Nc3 Nf6 4. Nf3 a6 5. a4 e6 6. g3 c5 $6 7. cxd5 exd5 8. Bg5
Be6 9. Bg2 Nc6 10. O-O Be7 (10... h6 11. Bxf6 Qxf6 12. e4 $36) 11. dxc5 O-O (
11... Bxc5 12. Bxf6 gxf6 13. Rc1 $16) 12. Rc1 d4 13. Bxf6 Bxf6 14. Ne4 Be7 15.
b4 $5 (15. Qd2 f5 16. Neg5 Bb3 17. Qd3 Bd5 (17... Bxa4 $4 18. Qc4+) 18. h4 h6
19. Nh3 $14) (15. Ne1 a5 $1 16. Nd3 $14) 15... Bd5 (15... Nxb4 16. Nxd4 $16)
16. Nd6 (16. Qd3 Nxb4 17. Qxd4 $14) 16... Bxd6 17. cxd6 Bxf3 (17... Qxd6 18.
Nxd4 Bxg2 19. Nxc6 Qxd1 20. Ne7+ Kh8 21. Rfxd1 Be4 22. f3 Bg6 23. Rc7 $18) 18.
Bxf3 Qxd6 19. b5 Na5 $1 (19... axb5 20. axb5 Na5 21. Qa4 $16) 20. Qd3 axb5 $6 (
20... Qb4 $5 21. Rc7 (21. Ra1 $14) 21... Qxa4 22. b6 Rab8 23. Qf5 $14) 21. Qxb5
(21. axb5 $16 {xNa5}) 21... Rfe8 22. Rfd1 g6 23. Rc2 Re5 24. Qb2 Rd8 25. e3 $1
d3 26. Rc3 d2 (26... Re7 27. Rcxd3 Qxd3 28. Rxd3 Rxd3 29. Qb4 $16) 27. Rc2 Qf6
28. Bg2 Kg7 (28... Re6 29. Qxf6 Rxf6 30. Rcxd2 Rxd2 31. Rxd2 $16) 29. Rcxd2 Nc4
30. Qxe5 Nxe5 31. Rxd8 Ng4 32. R8d2 Qa6 33. h3 Ne5 34. Rd4 h5 (34... b5 $2 35.
f4 Nc4 36. axb5 Qxb5 37. Bf1 $18) 35. Rb1 b6 36. Rb5 f6 37. f4 Nf7 38. Kh2 Nh6
39. Rd7+ Nf7 1-0

[Event "YUG-ch"]
[Site "Novi Sad"]
[Date "1995.??.??"]
[Round "?"]
[White "Ristic, Nenad"]
[Black "Simic, Radoslav"]
[Result "0-1"]
[WhiteElo "2395"]
[BlackElo "2485"]
[Annotator "Ftacnik,L"]
[PlyCount "79"]
[EventDate "1995.02.??"]
[EventType "tourn"]
[EventRounds "17"]
[EventCountry "YUG"]
[EventCategory "10"]
[SourceTitle "CBM 049"]
[Source "ChessBase"]
[SourceDate "1995.12.01"]
[SourceVersion "1"]
[SourceVersionDate "1995.12.01"]
[SourceQuality "1"]

1. d4 d5 2. c4 c6 3. Nf3 Nf6 4. Nc3 a6 5. c5 g6 6. Bf4 Nbd7 7. h3 Bg7 8. e3 O-O
(8... b6 9. cxb6 Qxb6 10. Qd2 a5 11. Bd3 Ba6 12. O-O Bxd3 13. Qxd3 a4 14. Rab1
O-O 15. b3 axb3 16. Rxb3 Qa6 17. Qxa6 Rxa6 18. Rb7 Rd8 19. Rfb1 {1-0 Hort,
V-Siegel,G/SWZ-chT 1993 (39)}) 9. Be2 (9. Bd3 Ne8 10. O-O Nc7 11. Bg3 $5 Re8
12. Bh4 Bf6 $8 13. Bxf6 exf6 (13... Nxf6 $2 14. Ne5 $16) 14. e4 (14. b4 $5)
14... Nf8 15. Re1 Be6 16. Qd2 Qd7 17. exd5 (17. Na4 Rad8 18. Nb6 Qe7 $10) 17...
Bxd5 $1 {פf3, d4} (17... Nxd5 $6 $14) 18. Be4 (18. Nxd5 $2 Nxd5 $15 {><d4})
18... Rad8 19. Bxd5 Nxd5 20. Nxd5 Qxd5 21. Rxe8 Rxe8 22. Qb4 Ne6 23. Qxb7 Nxd4
24. Nxd4 Qxd4 $10 {Van Wely,L-Paunovic,T/Hania/1993/}) 9... b6 (9... Ne8 10.
O-O Nc7 11. Bg3 (11. b4 Re8 12. Qd2 e5 13. Nxe5 Nxe5 14. Bxe5 Bxe5 15. dxe5 a5
16. a3 Rxe5 17. e4 axb4 18. axb4 Rxa1 19. Rxa1 Qf6 20. Rd1 dxe4 21. Qd8+ Qxd8
22. Rxd8+ Re8 23. Rxe8+ Nxe8 24. Nxe4 {1/2-1/2 Izeta,F-Magem Badals,J/Ibercaja
op (6) 1994 (45)}) (11. Qc2 Re8 12. Rad1 e5 13. Nxe5 Nxe5 14. Bxe5 Bxe5 15.
dxe5 Rxe5 (15... Qe7 16. f4 Qxc5 17. Qc1 $1 {/\ Nd5+/=}) 16. e4 Qe7 17. exd5
Bf5 18. Bd3 {1/2-1/2 Greenfeld,A-Epishin,V/Elenite (04) 1994} (18. Bd3 Bxd3 19.
Rxd3 Qxc5 20. d6 Nd5 21. Qb3 b5 $1 $10 {Epishin,V})) 11... Re8 12. Na4 f6 13.
Qb3 Kh8 14. Rfd1 (14. Rad1 Nb5 15. Qc2 e5 16. dxe5 fxe5 17. e4 d4 18. Ne1 Nc7
19. Nd3 Ne6 20. Bg4 Qe7 21. Qc4 Ng5 22. Rde1 {1-0 Salov,V-Magem Badals,J/
Madrid (01) 1994 (38)}) 14... e5 15. dxe5 fxe5 16. e4 Qe7 17. Rac1 d4 18. Nb6
Nxc5 19. Qc2 Nd7 20. Nxa8 Nxa8 21. Qd2 c5 22. a4 b6 23. Bc4 {1/2-1/2 Giorgadze,
G-Epishin,V/Moscow PCA-Intel qual 25' (01) 1995}) (9... Ne4 10. O-O f5 11. Na4
Qa5 12. b4 Qxb4 13. Bc7 e5 14. Rb1 Qa3 15. Qc2 exd4 16. exd4 Re8 17. Ba5 Ndxc5
18. dxc5 Nxc5 19. Nxc5 Qxa5 20. Nxb7 Bxb7 21. Rxb7 {1-0 Krizsany,L-Svobodova,M/
Harkany op (01) 1994 (47)}) 10. cxb6 Qxb6 11. Qc2 (11. O-O Qxb2 12. Rc1 Re8 $13
) (11. b3 Ne4 12. Nxe4 dxe4 13. Nd2 c5 14. dxc5 Nxc5 15. Rc1 e5 16. Bg5 f6 17.
Nc4 Qb4+ 18. Qd2 Qxd2+ 19. Nxd2 Nd3+ 20. Bxd3 exd3 21. Bh4 g5 22. Bg3 f5 23. f3
Be6 24. Nc4 Rad8 25. Kd2 {Stamenkovic,Z-Simic,R/Belgrade Trako (01) 1995/1/2-1/
2 (62)}) 11... c5 12. O-O (12. Na4 Qb4+) 12... Qa7 $5 13. Rfd1 (13. dxc5 Nxc5
14. Be5 Bf5) 13... Bb7 14. Rac1 Rac8 15. Ne5 (15. dxc5 Nxc5 16. Nd4 $10) 15...
cxd4 16. exd4 (16. Rxd4 $5 Rfd8 (16... Nxe5 17. Bxe5 e6 $10) 17. Nxd7 Nxd7 18.
Rdd1 e5 $36) 16... Nxe5 17. dxe5 $6 (17. Bxe5 Bh6 18. Rb1 Ne4 19. Bf3 $13)
17... Ne4 18. Be3 Qb8 19. f4 g5 $1 20. fxg5 (20. Bg4 e6 21. Qe2 gxf4 22. Bxf4
Bxe5 $17) 20... Bxe5 (20... Qxe5 21. Bd4 Qxg5 22. Bxg7 Qe3+ 23. Kh2 Kxg7 $17)
21. Bd3 Bf4 $1 22. Re1 (22. Qe2 $2 Bh2+ 23. Kf1 Ng3+) 22... Bxe3+ 23. Rxe3 d4 (
23... Qa7 24. Rce1 d4 25. Bxe4 dxe3 26. Bxh7+ Kg7 $17) 24. Rxe4 Bxe4 25. Bxe4
dxc3 26. Bxh7+ Kg7 27. bxc3 Rfd8 28. Be4 (28. Qf5 Rh8 29. g6 Qb6+ $19) 28...
Qf4 29. Rf1 Qe3+ 30. Qf2 (30. Kh1 Rxc3 31. Qb2 Rd2 32. Qb7 Qe2 $19) 30... Qxf2+
31. Rxf2 Rxc3 32. Bc2 Rd4 33. Bb3 e6 34. Kh2 Rc5 35. g6 (35. Rf3 Rxg5 36. Rc3
Rd2 $19) 35... Kxg6 36. Rf3 a5 37. Rg3+ Kf6 38. Rf3+ Rf5 39. Rg3 a4 40. Bc2 (
40. Bc2 Rf2 41. Bh7 Rxa2 $19) 0-1

[Event "Olympiad-29"]
[Site "Novi Sad"]
[Date "1990.11.23"]
[Round "6"]
[White "Gelfand, Boris"]
[Black "Hort, Vlastimil"]
[Result "1-0"]
[WhiteElo "2680"]
[BlackElo "2545"]
[Annotator "Gelfand,B"]
[PlyCount "65"]
[EventDate "1990.11.17"]
[EventType "team-swiss"]
[EventRounds "14"]
[EventCountry "YUG"]
[SourceTitle "TD"]
[Source "ChessBase"]
[SourceDate "1994.03.01"]
[SourceVersion "1"]
[SourceVersionDate "1994.03.01"]
[SourceQuality "1"]
[WhiteTeam "Soviet Union"]
[BlackTeam "Germany"]
[WhiteTeamCountry "URS"]
[BlackTeamCountry "GER"]

1. d4 d5 2. c4 c6 3. Nf3 Nf6 4. Nc3 a6 5. e3 (5. Qc2 $145 dxc4 6. e4 b5 7. Be2
Bg4 8. a4 Nbd7 9. e5 Nd5 10. axb5 axb5 11. Rxa8 Qxa8 12. Ng5 $1 $146 {
Ehlvest-Dreev, URS 1985}) (5. c5 Nbd7 6. Bf4 Nh5 $1 {Aseev-Khmelnitsky,
Sibenik 1989/90}) 5... b5 6. b3 (6. cxd5 $145 cxd5 7. Bd3 Bg4 8. Bd2 e6 9. Ne2
$1 Bxf3 10. gxf3 Nc6 11. a4 Bb4 12. a5 $1 $16 {Karpov-Gavrikov, Mazatlan 1988})
6... g6 (6... Bg4) (6... e6) 7. Be2 Bg7 8. O-O O-O 9. Ne5 Bb7 (9... Nfd7 $2 10.
Nxd7 Qxd7 11. cxd5 cxd5 12. Nxd5 $1 $18) 10. f4 Qd6 (10... Nbd7 11. Bf3 $16)
11. Bf3 Nbd7 12. Qe2 (12. g4 $5) 12... Rab8 13. g4 Rfd8 (13... bxc4 $2 14. g5
Ne4 15. Bxe4 dxe4 16. Nxe4 Qd5 17. Nxd7 Qxd7 18. Nc5 $16) (13... c5 $2 14. cxb5
$16) 14. g5 Ne8 15. Qg2 bxc4 (15... e6 $5) 16. bxc4 e6 17. Rb1 (17. Bd2 Ba8 18.
c5) 17... Ba8 (17... Qc7 18. Bd2 $16) 18. c5 Qe7 19. Bd2 Rxb1 20. Rxb1 Rb8 21.
Rxb8 Nxb8 22. Na4 Bb7 (22... Nd7 23. Nxd7 Qxd7 24. Nb6 $16) 23. Ba5 Bxe5 (23...
Nc7 $5) 24. dxe5 Nc7 25. Nb2 Nb5 26. a4 (26. Qc2) 26... Qxc5 (26... Na3 27. Bb4
Nc4 28. Nxc4 dxc4 $18) 27. axb5 Qxe3+ 28. Qf2 Qxf4 (28... Qxf2+ 29. Kxf2 cxb5
30. Nd3 $18) 29. Bd2 Qxe5 30. Nd3 Qf5 (30... Qa1+ 31. Be1 cxb5 32. Qa7 $18) 31.
Qa7 Nd7 (31... Qxf3 32. Qxb8+ Kg7 33. Qe5+ Kg8 34. Bc3 $18) 32. Ne1 Bc8 (32...
Ne5 33. Qb8+ Kg7 34. Bc3 $18) 33. Qc7 1-0